00773 2200265 4500001002100000005001700021008004100038020001800079035002400097082001100121090001800132100001800150245010400168260005100272300002800323500003100351650001400382700002000396700002900416850001500445980001300460985000600473986001300479999001500492YOGYA-0209000000318420090227020614.0 ind  a979-420-176-6 0010-020900000003184 a551.48 a551.48bSey D aSEYHAN, Ersin aDasar-dasar hidrologicErsin Seyhan ; penerjemah, Sentot Subagyo ; editor, Soenardi Prawirohatmodjo aYogyakartabGadjah Mada University Pressc1990 ax, 388 hlmbilusc21 cm aBibliografi : hlm. 319-352 aHidrologi aSUBAGYO, Sentot aPRAWIROHADMODJO, Sumardi aYOPDYOG[B] a04-02-06 a1 aRTREVECV ad000015948